00283nam a2200109Ia 4500008004100000041000800041100001900049245003400068260003500102300000900137700002700146250110s9999 xx 000 0 und d aeng aTamboli Gazala aGliders Club At Hadapsar Pune bFinal Year B. Arch, BNCAc2014 a107p aGuide Name:Kanhere G k